006100000a220013300045007000022000007000022000227000028000441000021000722450219000936510032003120410014003440440013003587730105003711 aRoldán, Gabriel1 aArango, Alexandra1 aAlvarez, Luisa Fernanda1 aContreras, Jairo10aEvaluación de la calidad del agua de las microcuencas La Laucha, La Lejía ya La Rastrojera utilizando los macroinvertebrados como bioindicadores, municiipio de durania, departamento Norte de Santander, Colombia 4dNorte de SantandermDurania0 aEspañol aColombia1 tRevista de la Academia Colombiana de Ciencias Exactas, físicas y naturalesh123q171-193d2008g32